000
00325pab a2200145 454500
008
180718b1989 xxu||||| |||| 00| 0 eng d
100
_a
Iyer, S.R. Krishna
245
_a
Fall in liquidity, broad money
260
_c
1989
300
_a
49-50
362
_a
29 Mar.
650
_a
Money
773
_a
Commerce
909
_a
14155
999
_c
14155
_d
14155